000 01448nam0a22002771 4500
001 rc\3035719
005 20111004100249.0
035 _a(NLR Aleph) 007176350
090 _a7397157
_c7397157
100 _a20111004d1935 |||y0rusy50 ca
101 0 _arus
102 _aRU
105 _aa z |||||
200 1 _aТехническая характеристика турбокомпрессоров и воздуходувок, изготовляемых главными европейскими фирмами
_fСост. инж. С.Л. Розовский
_gРед. инж. Четвериков
210 _aМосква
_cТехинформиздат - Цитэин-СО НКТП СССР
_d[1935]
_g23 тип. "Мособлполиграф"
215 _aОбл., 52 с.
_cил.
_d15х11 см
225 1 _aТеплотехника
_fЦентр. ин-т техн.-экон. информации и социалист. обмена опытом
_v№ 8921. Серия 11
_aТехСО
300 _aБез тит. л.
702 1 _aРозовский
_bС. Л.
_4220
702 1 _aЧетвериков
_4340
712 0 2 _aЦентральный институт технико-экономической информации и социалистического обмена опытом
_cМосква
_3RU\NLR\AUTH\8810133848
_4570
801 0 _aRU
_bNLR
_gpsbo
801 1 _aRU
_bELAR
_2rusmarc
852 _aNLR
_j35-8/625
942 _cBOOK
980 _aNB